00347 2200145 4500001002100000005001500021035002000036245004000056100001900096300001200115260004000127082000800167084001400175990001200189INLIS00000000000199020250527082634 a0010-05250002821 aAir Mata Penguasa /cNadjib Kailani0 aNadjib Kailani a240 hlm aYogyakarta :bTarawang Press,c2003 a813 a813 NAD a a0712665